My dad is awesome / (Record no. 2239)

MARC details
000 -LEADER
fixed length control field 00822pam a2200253 a 4500
005 - DATE AND TIME OF LATEST TRANSACTION
control field 20231113130015.0
040 ## - CATALOGING SOURCE
Original cataloging agency DLC
Transcribing agency DLC
Modifying agency DLC
Language of cataloging eng
050 00 - LIBRARY OF CONGRESS CALL NUMBER
Classification number PZ7.B98225
Item number My 1992
082 00 - DEWEY DECIMAL CLASSIFICATION NUMBER
Classification number 823.914
Edition number 20
100 1# - MAIN ENTRY--PERSONAL NAME
Personal name Butterworth, Nick
245 10 - TITLE STATEMENT
Title My dad is awesome /
Statement of responsibility, etc. by Nick Butterworth.
250 ## - EDITION STATEMENT
Edition statement First U.S, edition 1992
260 ## - PUBLICATION, DISTRIBUTION, ETC.
Place of publication, distribution, etc. Cambridge :
Name of publisher, distributor, etc. Candlewick Press,
Date of publication, distribution, etc. 1992
300 ## - PHYSICAL DESCRIPTION
Extent 23 unnumbered pages :
Other physical details Illustrations
Dimensions 20 cm
500 ## - GENERAL NOTE
General note "First published in Great Britain in 1989 by Walker Books Ltd., London"--P. facing t.p.
505 ## - FORMATTED CONTENTS NOTE
Formatted contents note F
520 ## - SUMMARY, ETC.
Summary, etc. A young boy extols the virtues of his father.
521 ## - TARGET AUDIENCE NOTE
Target audience note 400
Source Lexile estimate
521 ## - TARGET AUDIENCE NOTE
Target audience note F
Source Raz-Plus
650 #1 - SUBJECT ADDED ENTRY--TOPICAL TERM
Topical term or geographic name entry element Fathers and sons
General subdivision Fiction.
906 ## - LOCAL DATA ELEMENT F, LDF (RLIN)
a 7
b cbc
c orignew
d 1
e ocip
f 19
g y-gencatlg
942 ## - ADDED ENTRY ELEMENTS (KOHA)
Source of classification or shelving scheme Dewey Decimal Classification
Koha item type Books
Suppress in OPAC No
999 ## -
-- 2239
-- 2239
Holdings
Withdrawn status Lost status Source of classification or shelving scheme Damaged status Not for loan Collection Home library Current library Shelving location Date acquired Total Checkouts Full call number Barcode Date last seen Date last checked out Price effective from Koha item type
    Dewey Decimal Classification     Juvenile Fiction Footprints International School Library Network Toul Kork Campus Footprints International School Library Network Toul Kork Campus TK Primary Library Room(4th Floor), Bookcase 3&4, Shelves 17-32, Yellow Books 11/13/2023 2 BUT 823.914 PZ7.B98225 FISBK072123 02/26/2026 02/13/2026 11/13/2023 Books